Statistics for Final standings of the 2021/2022 Premier League season

Click here to take the quiz!

General Stats

  • This quiz has been taken 399 times
  • The average score is 12 of 20

Answer Stats

PointsTeam% Correct
193Manchester City
100%
292Liverpool
99%
374Chelsea
96%
569Arsenal
90%
471Tottenham Hotspur
89%
658Manchester United
87%
756West Ham United
72%
852Leicester City
60%
951Brighton & Hove Albion
53%
1639Everton
51%
1149Newcastle United
47%
2022Norwich City
47%
1738Leeds United
45%
1835Burnley
43%
1248Crystal Palace
43%
1540Southampton
43%
1445Aston Villa
42%
1346Brentford
35%
1923Watford
34%
1051Wolverhampton Wanderers
33%

Score Distribution

Percentile by Number Answered

Percent of People with Each Score

Your Score History

You have not taken this quiz